Регионална библиотека "Любен Каравелов" - Русе

Икономика на труда (Запис номер 75518)

MARC детайли
000 -Лидер
Контролно поле с фиксирана дължина 01427nam a2200349 c 4500
003 - Код на организацията, давaща контролен номер
Контролно поле BLK
005 - Дата и час на последна редакция
Контролно поле 20240615105751.0
008 - Елементи от данни с фиксирана дължина
fixed length control field 180408b bul|||||r ||||||| ||bul||
010 ## - Наследен системен номер
LC control number KNG00079936000
040 ## - Източник на каталожния запис
Идентификатор на билиотеката - собственик на записа BLK
041 ## - Код за език
Код за езика на текст/звукозапис или на отделно заглавие Български
Код за езика КДБФ Български
080 ## - УДК
Текстов определител УДК Теория на труда. Икономика на труда. Взаимоотношения между работещи и администрация (работодатели)
УДК код - определител по УДК 331.1
УДК определител (075.8)
УДК - код + определител 331.1(075.8)
100 1# - Редна дума - Автор
Автор Георгиев, Георги Петров
Авторска отговорност първи автор
R(LIN) 268374
139 ## - Редно поле
Редна дума Георгиев, Георги Петров
Авторски знак Георгиев - Г 37
245 10 - Сведения за заглавието
Заглавие Икономика на труда
Редно поле (дума) Георги Петров Георгиев.
250 ## - Област на изданието
Сведения за изданието 2. доп. и прераб. изд.
257 ## - Страна на издаване
Страна на създаване/издаване България
260 ## - Област на издателските данни
-- София
Име на издателя, разпространителя и проч. Милениум
Година на издаване 2007
Печатница София : Мултипринт
300 ## - Физическа характеристика
Страници 646 с.
Размери/Мащаб 21 см
380 ## - Жанр
Жанр Обществени науки
500 ## - Общи забележки
Забележка 1. изд. 2005. - Офс. изд.
650 #4 - Допълнително описание по предмет – тема
Основно описание – тема или топоним Труд - икономика
9 (RLIN) 263836
650 #4 - Допълнително описание по предмет – тема
Основно описание – тема или топоним Икономика - учебници за ВУЗ
9 (RLIN) 243428
653 ## - Ключова дума – ненормативна
Ключова дума икономика на труда
653 ## - Ключова дума – ненормативна
Ключова дума учебници за ВУЗ
852 ## - Местоположение
Форматна сигнатура Цб 237401
856 4# - Електронен адрес и достъп
Електронен формат pdf - файл
Път до файла /url/
856 4# - Електронен адрес и достъп
Електронен формат pdf - файл
Път до файла /url/
942 ## - АРТИКУЛИ
Вид на библиотечния материал Книги
Скрит в OPAC Не
Koha issues (borrowed), all copies 6
944 ## - СЪЗДАВАНЕ И РЕДАКЦИЯ на ЗАПИСА
Създаване/Редакция Създаване
Дата на регистрацията/редакция 06.12.2007
Служител, извършил регистрацията/редакцията 30545
Статус, дата на статуса Нора Радева
944 ## - СЪЗДАВАНЕ И РЕДАКЦИЯ на ЗАПИСА
Създаване/Редакция Редакция
Дата на регистрацията/редакция 11.11.2016
Служител, извършил регистрацията/редакцията Виолета_Тройчева
999 ## - СИСТЕМНИ КОНТРОЛНИ НОМЕРА
Koha biblionumber 75518
Koha biblioitemnumber 75518
Наличности
Код за отписване Код за изгубен артикул Код за повреда Коз за рестрикции Код за отдаване Артикулен № Име на библиотеката - собственик Име на библиотеката, в която се намира в момента Статус (Текущо местоположение) Дата на вписване в системата Местоположение - отдел Цена в лева Инвентарен номер Систематично азбучна сигнатура Баркод Номер на екземпляра Цена в евро Служебна бележка Служебен тип на артикула Източник на класификационната схема
  Не е изгубен Не е повреден без рестрикции ползва се в читалня 122616 Регионална библиотека "Любен Каравелов" Русе Регионална библиотека "Любен Каравелов" Русе Читалня 2007-11-30 Читалня 18.00 120000720843 Ч 331/Г 37 120000720843 1 9.20 Дост: Pk Вид: Ф N: 11788 Дата: 27.11.2007 Дата инв: 22.03.2017 Бележки инв: Ч2017 Книги  
Изтеглен Не е изгубен Не е повреден без рестрикции заемане за дома 122617 Регионална библиотека "Любен Каравелов" Русе Регионална библиотека "Любен Каравелов" Русе Заемна - подръчен фонд 2007-12-20 Заемна - подръчен фонд 17.48 120000721425 П 331.1/Г 37 120000721425 2 8.94 Дост: Pk Вид: Ф N: 13341 Дата: 17.12.2007 Книги Universal Decimal Classification
  Не е изгубен Не е повреден без рестрикции заемане за дома 122618 Регионална библиотека "Любен Каравелов" Русе Регионална библиотека "Любен Каравелов" Русе Заемна - подръчен фонд 2008-04-07 Заемна - подръчен фонд 18.00 120000725260 П 331.1/Г 37 120000725260 3 9.20 Дост: Pk Вид: Ф N: 2102 Дата: 03.04.2008 Дата инв: 06.02.2018 Бележки инв: П2018 Книги  
Vip Innovations Ltd, Rousse, Bulgaria 2025